000 01097nam a22002417a 4500
005 20240305165349.0
008 111014s2008 cl |||||s|||| 00||0 spa d
020 _a956-10-1334-7
035 _a5984
040 _avLex
090 _c2659
_d2659
100 1 _aAntony Garcia, Carmen
245 1 4 _aLas mujeres confinadas
_h[Recurso electrónico] :
_bEstudio criminológico sobre el rol genérico en la ejecución de la pena en América Latina y en Chile /
_cCarmen Antony Garcia
256 _aServicio en línea.
260 _a[Chile] :
_bEditorial jurídica de Chile,
_c2008
300 _a1 recurso electrónico
506 1 _aContenido solo disponible en los productos indicados
_dvLex Global
_dvLex Global (Academic Edition, excluding Law Schools)
_dvLex Global (U.S. Academic Edition, Law Schools)
_dvLex Global (U.S. Academic Edition, excluding Law Schools)
_dvLex Global (Academic Edition, Law Schools)
650 0 4 _aCriminologia
_zChile
650 0 4 _aMujeres
_xCriminología
740 0 _avLex Libros (Servicio en línea)
856 4 0 _uhttps://app.vlex.com/#/sources/5984
942 _cRAA
999 _c161079
_d161079